| 000 | 00710nam a22001697a 4500 | ||
|---|---|---|---|
| 005 | 20250219133922.0 | ||
| 008 | 250219b |||||||| |||| 00| 0 eng d | ||
| 082 |
_22023 _aUT |
||
| 100 |
_aBanlasan, Jaymar P. _965583 |
||
| 245 |
_aCoping with the challenges in teaching mapeh subject among non-specialized teachers of division of Davao Del Sur / _cJaymar P. Banlasan, Dixter Jhon U. Cautivo, and Kim John A. Dela Victoria |
||
| 260 |
_aDigos City : _bUMDC, _c©November 2023. |
||
| 300 |
_aviii, 72 pages : _billustration (some colors) ; _c30 cm. |
||
| 500 | _aincludes references and appendices. | ||
| 700 |
_aCautivo, Dixter Jhon U. _965584 |
||
| 700 |
_aDela Victoria, Kim John A. _965585 |
||
| 942 |
_2ddc _cUT |
||
| 999 |
_c23530 _d23530 |
||